RIVISTA DI ESTETICA, ANNO 26-N.24 (1986) (Record n. 151209)

Dettagli MARC
000 -LEADER
fixed length control field 00919nas a2200253Ia 4500
001 - CONTROL NUMBER
control field R221/62565
003 - CONTROL NUMBER IDENTIFIER
control field IT-RoPAU
008 - FIXED-LENGTH DATA ELEMENTS--GENERAL INFORMATION
fixed length control field 151124c99999999xx |||||||||||| ||und||
040 ## - CATALOGING SOURCE
Original cataloging agency IT-RoPAU
040 ## - CATALOGING SOURCE
Transcribing agency IT-RoPAU
041 ## - LANGUAGE CODE
Language code of text/sound track or separate title ITALIANO
100 ## - MAIN ENTRY--PERSONAL NAME
Personal name Anceschi Luciano
Miscellaneous information Codice Aut. SPICS: 9915
210 ## - ABBREVIATED TITLE
Abbreviated title RIVISTA DI ESTETICA
222 ## - KEY TITLE
Key title Rivista Di Estetica
245 ## - TITLE STATEMENT
Title RIVISTA DI ESTETICA, ANNO 26-N.24 (1986)
Remainder of title Metafora E Filosofia
250 ## - EDITION STATEMENT
Edition statement 1a ed.
260 ## - PUBLICATION, DISTRIBUTION, ETC. (IMPRINT)
Place of publication, distribution, etc. TORINO
Name of publisher, distributor, etc. ROSENBERG & SELLIER
Date of publication, distribution, etc. 1986
300 ## - PHYSICAL DESCRIPTION
Extent 12 p. [3-14]
362 ## - DATES OF PUBLICATION AND/OR SEQUENTIAL DESIGNATION
Dates of publication and/or sequential designation ANNO 026, N.24 (1986)
501 ## - WITH NOTE
-- Paulus - SPICS - Società San Paolo EM (non-commercial uses only)
-- Copyright2015
500 ## - GENERAL NOTE
General note Relazione di Apertura per il Primo Convegno di Estetica che Si Terrà a Napolinel Gennaio 1987. Metafora e Poesia. Metafora e Scienza. Metafora e Filosofia.
650 ## - SUBJECT ADDED ENTRY--TOPICAL TERM
Topical term or geographic name as entry element ESTETICA
Form subdivision PUBBLICAZIONE PERIODICA
942 ## - ADDED ENTRY ELEMENTS (KOHA)
Koha item type RIVISTA
Dati di copia
Withdrawn status Lost status Damaged status Not for loan Home library Current library Date acquired Total Checkouts Full call number Date last seen Price effective from Koha item type Public note
    Buone Condizioni Not For Loan SPICS-MEDIATECA SPICS-MEDIATECA 25/11/2015   R221/62565 25/11/2015 25/11/2015 RIVISTA Progr. Ins: 64547 / Copia rara: NO / date import: 25.11.2015 / By Epidotti, Trombetti, Vaglietti
CREDITS: SOCIETA' SAN PAOLO Via A.Severo, 58 - ROMA (RM) & PERIODICI SAN PAOLO SRL Via Giotto, 36 MILANO & CISF Via Giotto, 36 MILANO & EDIZIONI SAN PAOLO SRL,  Piazza Soncino, 5 CINISELLO BALSAMO (MI) -- ITALY